000 00587nam a2200193Ia 4500
003 GCL
008 140319s9999 xx 000 0 ara d
040 _aGCL /
_cGCL
082 0 4 _aط
_b813.02
_bم م
100 1 _aمحمد عطية الابراشى
245 1 0 _aيوم سعيد وقصص اخرى /
_cمحمد عطية الابراشى
260 _a[S.N] :
_bدار المعارف ،
_c1988
300 _a48
490 _aالمكتبة الحديثة للاطفال
_v0
650 0 4 _aالاطفال
650 0 4 _aالقصص
650 0 4 _aقصص الاطفال
942 _2ddc
_cBK
999 _c58166
_d58166